Focus sur: Michael Corner - Harry Potter - Statistiques

Statistiques générales
  • Ce quiz a été pris 67 fois
  • Le résultat moyen est 6 sur 7
Statistiques - réponses
Informations recherchées Réponses % Correct
Lieu de rencontre avec Harry Potter Poudlard
96%
Ecole fréquentée Poudlard
96%
Statut du sang Sang-Mêlé
96%
Maison fréquentée Serdaigle
96%
Couleur des cheveux Brun
93%
Première apparition Harry Potter et l'Ordre du Phénix
86%
Acteur l'interprétant dans les films Ryan Nelson
9%
Aucun quiz correspondant
Distribution des résultats
% des personnes avec chaque résultat
Percentile par nombre de réponses
Votre historique - résultats
Vous n’avez pas pris ce quiz